01142nam a2200193Ia 4500001001100000003001000011008004100021040002500062041001300087100003600100245004500136250001100181260006200192300002700254500026600281501011400547520026600661650002100927L241-13940IT-CnALBA170116s9999||||xx |||||||||||||| ||und|| aIT-CnALBAcIT-CnALBA aITALIANO aMAUCOURANT FRANCESCO, CANONICO. 0aDELL'UBBIDIENZA: RIFLESSIONI E PRATICA.  a1a ed. a TO BO CT PAbSOCIETÀ ED. INTER. c1924 [1° Ed.: n.d.] a194 p. (prefazione: 7) aTRADUZIONE DAL FRANCESE DI D. MASSIMO ALBERA. NECESSITÀ. GRANDEZZA DELL'UBBIDIENZA. VOTO. PRECETTO. SOPRANNATURALE. PRONTA. TOTALE. VANTAGGI. GESÙ MODELLO. REGOLA. VIRTÙ ANNESSE E CONNESSE. SUPERIORI. DIRETTORI SPIRITUALI. ORGOGLIO. SCRUPOLI. PERSEVERANZA aSocietà San Paolo EM - Piazza San Paolo, 14 - 12051 ALBA (CN) (non commercial uses only) ® Copyright 2017 aTRADUZIONE DAL FRANCESE DI D. MASSIMO ALBERA. NECESSITÀ. GRANDEZZA DELL'UBBIDIENZA. VOTO. PRECETTO. SOPRANNATURALE. PRONTA. TOTALE. VANTAGGI. GESÙ MODELLO. REGOLA. VIRTÙ ANNESSE E CONNESSE. SUPERIORI. DIRETTORI SPIRITUALI. ORGOGLIO. SCRUPOLI. PERSEVERANZA aMORALE CATTOLICA